<?xml version="1.0" encoding="UTF-8"?>
<record
    xmlns:xsi="http://www.w3.org/2001/XMLSchema-instance"
    xsi:schemaLocation="http://www.loc.gov/MARC21/slim http://www.loc.gov/standards/marcxml/schema/MARC21slim.xsd"
    xmlns="http://www.loc.gov/MARC21/slim">

  <leader>01497    a2200301   4500</leader>
  <controlfield tag="003">OSt</controlfield>
  <controlfield tag="005">20180116192335.0</controlfield>
  <controlfield tag="008">120510t        xxu||||| |||| 00| 0 eng d</controlfield>
  <datafield tag="010" ind1=" " ind2=" ">
    <subfield code="a">99028364</subfield>
  </datafield>
  <datafield tag="020" ind1=" " ind2=" ">
    <subfield code="a">0892818034 (alk. paper)</subfield>
  </datafield>
  <datafield tag="040" ind1=" " ind2=" ">
    <subfield code="c">0</subfield>
  </datafield>
  <datafield tag="082" ind1="0" ind2="0">
    <subfield code="a">745.44917</subfield>
  </datafield>
  <datafield tag="100" ind1="1" ind2=" ">
    <subfield code="a">Critchlow, Keith.</subfield>
    <subfield code="9">1314</subfield>
  </datafield>
  <datafield tag="245" ind1="1" ind2="0">
    <subfield code="a">Islamic patterns :</subfield>
    <subfield code="b">an analytical and cosmological approach /</subfield>
    <subfield code="c">Keith Critchlow.</subfield>
  </datafield>
  <datafield tag="260" ind1=" " ind2=" ">
    <subfield code="a">Rochester, Vt. :</subfield>
    <subfield code="b">Inner Traditions,</subfield>
    <subfield code="c">1999.</subfield>
  </datafield>
  <datafield tag="300" ind1=" " ind2=" ">
    <subfield code="a">192 p. :</subfield>
    <subfield code="b">ill. (some col. ;</subfield>
    <subfield code="c">26 cm.</subfield>
  </datafield>
  <datafield tag="500" ind1=" " ind2=" ">
    <subfield code="a">Originally published: London : Thames and Hudson, 1976.</subfield>
  </datafield>
  <datafield tag="500" ind1=" " ind2=" ">
    <subfield code="a">Simultaneously published in London by Thames and Hudson.</subfield>
  </datafield>
  <datafield tag="505" ind1=" " ind2=" ">
    <subfield code="a">   1. The Point of Departure -- 2. The Manifestation of Shape -- 3. Magic Squares -- 4. Pattern and Cosmology -- 5. The Pentagon -- 6. The Tetractys -- 7. The Mathematics of two-dimensional Space-filling -- 8. The Circle and Cosmic Rhythms -- 9. Specimen Islamic </subfield>
  </datafield>
  <datafield tag="650" ind1=" " ind2="0">
    <subfield code="a">Islamic art.</subfield>
    <subfield code="9">1315</subfield>
  </datafield>
  <datafield tag="650" ind1=" " ind2="0">
    <subfield code="a">Islamic art and symbolism.</subfield>
    <subfield code="9">1316</subfield>
  </datafield>
  <datafield tag="650" ind1=" " ind2="0">
    <subfield code="a">Art</subfield>
    <subfield code="x">Mathematics.</subfield>
    <subfield code="9">1317</subfield>
  </datafield>
  <datafield tag="856" ind1="4" ind2="2">
    <subfield code="3">Contributor biographical information</subfield>
    <subfield code="u">http://www.loc.gov/catdir/enhancements/fy0644/99028364-b.html</subfield>
  </datafield>
  <datafield tag="856" ind1="4" ind2="2">
    <subfield code="3">Publisher description</subfield>
    <subfield code="u">http://www.loc.gov/catdir/enhancements/fy0644/99028364-d.html</subfield>
  </datafield>
  <datafield tag="856" ind1="4" ind2="2">
    <subfield code="3">Table of contents only</subfield>
    <subfield code="u">http://www.loc.gov/catdir/enhancements/fy0644/99028364-t.html</subfield>
  </datafield>
  <datafield tag="942" ind1=" " ind2=" ">
    <subfield code="a">SADA</subfield>
    <subfield code="c">BK</subfield>
    <subfield code="k">745.44917 CRI  1999</subfield>
    <subfield code="2">ddc</subfield>
  </datafield>
  <datafield tag="999" ind1=" " ind2=" ">
    <subfield code="c">352451</subfield>
    <subfield code="d">352451</subfield>
  </datafield>
  <datafield tag="952" ind1=" " ind2=" ">
    <subfield code="0">0</subfield>
    <subfield code="1">0</subfield>
    <subfield code="2">ddc</subfield>
    <subfield code="4">0</subfield>
    <subfield code="7">0</subfield>
    <subfield code="a">SADA</subfield>
    <subfield code="b">SADA</subfield>
    <subfield code="d">2010-11-04</subfield>
    <subfield code="l">5</subfield>
    <subfield code="m">2</subfield>
    <subfield code="o">745.44917 CRI  1999</subfield>
    <subfield code="p">SADA0000400</subfield>
    <subfield code="r">2024-01-18</subfield>
    <subfield code="s">2023-12-08</subfield>
    <subfield code="v">3179.00</subfield>
    <subfield code="w">2011-08-05</subfield>
    <subfield code="y">BK</subfield>
  </datafield>
</record>
